000 00725nam a2200265Ia 4500
003 OSt
005 20221005085914.0
006 a|||||r|||| 00| 0
007 ta
008 221004b |||||||| |||| 00| 0 eng d
020 _a9780380804559
_c
_ 5.50
024 _a70644
037 _bGift, 05/12/2021,
_cTextual
040 _aCRL
_cCRL
_beng
041 _2eng
_aeng
082 _aO111,3N601,ST, N9
100 _aGaiman Neil
_9459819
245 0 _aStardust
260 _aNew York
_bHarper USA
_c1999
300 _a336p.
_ccm.
650 _a ENGLISH LITERATURE
650 _aENGLISH FICTION
942 _hO111,3N601,ST, N9
_cTEXL
_2cc
999 _c994966
_d994966